La France siècle après siècle - Statistiques

Statistiques générales
  • Ce quiz a été pris 561 fois
  • Le résultat moyen est 5 sur 8
Statistiques - réponses
Par images Réponse % Correct
2000
90%
1900
81%
1700
77%
1800
74%
800
74%
1600
62%
1500
60%
1000
54%
500
54%
1100
52%
1400
52%
1200
51%
1300
51%
600
51%
900
51%
700
48%
Aucun quiz correspondant
Distribution des résultats
% des personnes avec chaque résultat
Percentile par nombre de réponses
Votre historique - résultats
Vous n’avez pas pris ce quiz